000 006300000a22001690004500
005 20240131221453.0
008 230817t ||||| |||| 00| 0 eng d
110 _aUnited Nations. Economic and social commission for Asia and the Pacific. population division.
245 _aDirectory of population experts in Asia and the pacific :
_b1987 supplement
260 _aBangkok :
_bEconomic and social commission for Asia and the pacific,
_c1987
300 _axxvi, 323 p. ; 31 cm.
650 _aCountry and area codes
650 _aDirectory
650 _aList of Acronyms
650 _aList of Fields of specialization
942 _cBK
999 _c2741
_d2741